000 01407cad a22002295a 4500
001 L147457
008 090513s2009 xxko f o 000 0 eng u
035 _a(Sirsi) u147457
041 0 _aeng
110 2 _aEnglish Heritage
_92714
245 0 0 _aLarge digital screens in public spaces
_bjoint guidance from English Heritage and CABE
_h[electronic resource]
260 _aLondon
_bEnglish Heritage
_bCABE
_c2009
505 2 _aExecutive summary -- The role of local authorities: what are live sites? -- Policy and precedent -- Potential benefits, potential disbenefits -- Considerations -- Practical issues -- Design issues -- The local environment -- Planning for successful content: technical criteria, planning permission -- Further advice and information
520 _aGuidance to help local authorities when considering planning applications for installation of large digital screens in public places. Included in these public places are the live sites of the 2012 Olympic Games and Paralympic Games. This guidance will be updated regularly.
521 _aAdvanced
590 _aKA NTK
651 4 _aEngland
_y886-
690 _aMANAGEMENT-BUSINESS MANAGEMENT-INFORMATION MANAGEMENT
710 1 _aCommission for Architecture and the Built Environment
_94058
856 4 0 _uhttps://www.cabe.org.uk/publications/large-digital-screens
_zView the item free of charge at www.cabe.org.uk/...
942 _n0
999 _c109560
_d109560